000 00788nam a2200253Ia 4500
003 OSt
005 20220925221655.0
006 a|||||r|||| 00| 0
007 ta
008 220923b |||||||| |||| 00| 0 eng d
020 _a9780262661287
_c1956.26
037 _b5565, 04/08/2015, RAJKIRAN BOOK AGENCY
_cGeneral Book
040 _aRTL
_cRTL
_beng
041 _2eng
_aeng
082 _aY9 (X:1) .71, P2
100 _aPRINCEN Thomas & Others
_9286895
245 0 _aConfonting consumption
260 _aLondon
_bMIT Press
_c2002
300 _aviii, 382p
_ccm.
500 _aBibliography: p159-168
650 _aSociology
942 _hY9 (X:1) .71, P2
_cGB
_2CC
999 _c575040
_d575040